<?xml version="1.0" encoding="UTF-8"?>
<record
    xmlns:xsi="http://www.w3.org/2001/XMLSchema-instance"
    xsi:schemaLocation="http://www.loc.gov/MARC21/slim http://www.loc.gov/standards/marcxml/schema/MARC21slim.xsd"
    xmlns="http://www.loc.gov/MARC21/slim">

  <leader>00824nam a22002177a 4500</leader>
  <controlfield tag="005">20250324061057.0</controlfield>
  <controlfield tag="008">250324b        |||||||| |||| 00| 0 eng d</controlfield>
  <datafield tag="020" ind1=" " ind2=" ">
    <subfield code="a">9781032014326</subfield>
  </datafield>
  <datafield tag="040" ind1=" " ind2=" ">
    <subfield code="c">AIMIT LIBRARY</subfield>
  </datafield>
  <datafield tag="082" ind1=" " ind2=" ">
    <subfield code="2">2</subfield>
    <subfield code="a">174.936</subfield>
    <subfield code="b">NIAN</subfield>
  </datafield>
  <datafield tag="100" ind1=" " ind2=" ">
    <subfield code="a">Ni, Anna Ya.</subfield>
    <subfield code="9">206697</subfield>
  </datafield>
  <datafield tag="245" ind1=" " ind2=" ">
    <subfield code="a">Business society and global governance :</subfield>
    <subfield code="b">skill approach /</subfield>
    <subfield code="c">By Anna Ya Ni and Montgomery Van Wart.</subfield>
  </datafield>
  <datafield tag="250" ind1=" " ind2=" ">
    <subfield code="a">2nd ed.</subfield>
  </datafield>
  <datafield tag="260" ind1=" " ind2=" ">
    <subfield code="a">New York :</subfield>
    <subfield code="b">Routledge ,</subfield>
    <subfield code="c">2015.</subfield>
  </datafield>
  <datafield tag="300" ind1=" " ind2=" ">
    <subfield code="a">xi,480p. ;</subfield>
    <subfield code="b">PB</subfield>
    <subfield code="c">23.5 cm</subfield>
  </datafield>
  <datafield tag="650" ind1=" " ind2=" ">
    <subfield code="a">Introduction to business- government relations</subfield>
    <subfield code="9">206698</subfield>
  </datafield>
  <datafield tag="650" ind1=" " ind2=" ">
    <subfield code="a">Business- nonprofit- government relations in the sociopolitical arena</subfield>
    <subfield code="9">206699</subfield>
  </datafield>
  <datafield tag="650" ind1=" " ind2=" ">
    <subfield code="a">Business- government relations in economic development</subfield>
    <subfield code="9">206700</subfield>
  </datafield>
  <datafield tag="700" ind1=" " ind2=" ">
    <subfield code="a">Wart, Montgomery.</subfield>
    <subfield code="9">206701</subfield>
  </datafield>
  <datafield tag="942" ind1=" " ind2=" ">
    <subfield code="2">ddc</subfield>
    <subfield code="c">BK</subfield>
    <subfield code="e">2nd</subfield>
    <subfield code="k">174.936 NIAN</subfield>
  </datafield>
  <datafield tag="999" ind1=" " ind2=" ">
    <subfield code="c">233973</subfield>
    <subfield code="d">233973</subfield>
  </datafield>
  <datafield tag="952" ind1=" " ind2=" ">
    <subfield code="0">0</subfield>
    <subfield code="1">0</subfield>
    <subfield code="2">ddc</subfield>
    <subfield code="4">0</subfield>
    <subfield code="7">0</subfield>
    <subfield code="8">MBA</subfield>
    <subfield code="a">AIMIT</subfield>
    <subfield code="b">AIMIT</subfield>
    <subfield code="c">CG</subfield>
    <subfield code="d">2025-03-11</subfield>
    <subfield code="e">Biblios Book Point</subfield>
    <subfield code="g">3783.00</subfield>
    <subfield code="i">Bill:No:7073;2025/2/28</subfield>
    <subfield code="l">1</subfield>
    <subfield code="o">174.936 NIAN</subfield>
    <subfield code="p">MBA14801</subfield>
    <subfield code="q">2025-06-19</subfield>
    <subfield code="r">2025-05-20 10:57:00</subfield>
    <subfield code="s">2025-05-20</subfield>
    <subfield code="v">2950.81</subfield>
    <subfield code="w">2025-03-24</subfield>
    <subfield code="y">BK</subfield>
  </datafield>
</record>
